Provinces of Indonesia (with a map) - Statistics

General Stats
  • This quiz has been taken 26,503 times
    3,613 since last reset
  • The average score is 27 of 38
Answers on the Map
Answers color-coded by a green-red scale on the quiz's map according to % correct below.
 
Answer Stats
Provinces % Correct
Bali
90%
Jakarta
90%
East Java
89%
West Java
89%
Central Java
87%
Aceh
86%
East Kalimantan
86%
North Sumatra
86%
West Kalimantan
86%
North Kalimantan
85%
South Kalimantan
85%
Central Kalimantan
84%
South Sumatra
84%
South Sulawesi
83%
West Sumatra
83%
North Sulawesi
81%
West Sulawesi
79%
Central Sulawesi
76%
Papua
76%
West Papua
75%
Yogyakarta
75%
Riau
69%
East Nusa Tenggara
67%
West Nusa Tenggara
66%
Banten
65%
Southeast Sulawesi
65%
Maluku
64%
South Papua
63%
Central Papua
61%
Lampung
61%
Jambi
57%
Bangka-Belitung Islands
56%
Riau Islands
56%
Gorontalo
55%
North Maluku
55%
Bengkulu
49%
Highland Papua
46%
Southwest Papua
38%
No matching quizzes found
Score Distribution
Percent of People with Each Score
Percentile by Number Answered
Your Score History
You have not taken this quiz since the last reset